00278nam a2200109Ia 4500003000400000008004100004040001600045082001600061245003800077260004300115300001000158GCL140319s9999 xx 000 0 eng d aGCL / cGCL04a720.688bSV10aValue Pricing For The Design Firm a[S.N] : bMacmillan Publishing Company a218 P